[Event "Sevilla op"]
[Site "Sevilla"]
[Date "1994.??.??"]
[Round "5"]
[White "Azmaiparashvili, Zurab"]
[Black "Montecatine, Ricardo"]
[Result "1-0"]
[WhiteElo "2625"]
[BlackElo "2325"]

1.c4 e5 2.Nc3 Nf6 3.Nf3 Nc6 4.g3 d5 5.cxd5 Nxd5 6.Bg2 Nb6 7.O-O Be7 8.Rb1 O-O
9.b4 f6 10.b5 Nd4 11.d3 Be6 12.Nd2 Nd5 13.Bxd5 Bxd5 14.e3  1-0

[Event "Tilburg blitz"]
[Site "Tilburg"]
[Date "1994.??.??"]
[Round "3"]
[White "Azmaiparashvili, Zurab"]
[Black "Chernin, Alexander"]
[Result "1/2-1/2"]
[WhiteElo "2625"]
[BlackElo "2615"]

1.d4 d6 2.c3 e5 3.e4 Nf6 4.Nd2 Be7 5.Ngf3 Nbd7 6.Bd3 O-O 7.O-O Re8 8.Re1 c6
9.h3 Qc7 10.Nf1 Bf8 11.Ng3 g6 12.Bg5 Bg7 13.Qd2 Nf8 14.Rad1 Ne6 15.Be3 a5
16.a4 Bd7 17.Bc2 Rad8 18.Bb3 Bc8 19.Qc1 b6 20.Ng5 Nxg5 21.Bxg5 Be6 22.d5 Bd7
23.dxc6 Bxc6 24.Qc2 Rd7 25.Nf1 Qb7 26.Bxf6 Bxf6 27.Bd5 Bg5 28.Qb3 Rc8 29.Nh2 Kg7
30.Nf3 Bf6 31.Bxc6 Qxc6 32.Rd5 Rb7 33.Re3 Be7 34.Rb5 Qc4 35.Qd1 Rc5 36.b3 Qe6
37.Qd3 Bd8 38.Re2 Rbc7 39.Rxc5 bxc5 40.c4 Rb7 41.Nd2 f5 42.f3 Bg5 43.Nb1 Bf4
44.Na3 Bc1 45.Nb5 f4 46.Qd5 Be3+ 47.Kf1 Qxd5 48.cxd5 Rb6 49.g4 Kf6 50.h4 h6
51.Rg2 Ke7 52.Ke2 Kd7 53.Kd3 Kc8 54.Kc4 Kb7 55.Rc2 Bd4 56.h5 g5 57.Rc1 Ka6
58.Rb1 Rxb5 59.axb5+ Kb6 60.Rc1 Bb2 61.Rc2 Ba3  1/2-1/2

[Event "Tilburg blitz"]
[Site "Tilburg"]
[Date "1994.??.??"]
[Round "3"]
[White "Azmaiparashvili, Zurab"]
[Black "Chernin, Alexander"]
[Result "1-0"]
[WhiteElo "2625"]
[BlackElo "2615"]

1.g3 d5 2.Bg2 c6 3.d3 Bg4 4.Nd2 e6 5.h3 Bh5 6.Ngf3 Bd6 7.O-O Nd7 8.e4 Ne7
9.Qe1 O-O 10.b3 Re8 11.Bb2 Bc7 12.Nh4 Ng6 13.Nxg6 Bxg6 14.f4 f6 15.Kh1 dxe4
16.Nxe4 f5 17.Ng5 e5 18.Qb4 Nb6 19.Rae1 h6 20.Nf3 a5 21.Qd2 e4 22.dxe4 fxe4
23.Qd4 Qxd4 24.Nxd4 e3 25.f5 Bf7 26.Rf3 Nd5 27.c4 Nb4 28.Rexe3 Be5 29.Rf2 Bf6
30.Ne6 Re7 31.Bxf6 gxf6 32.Rf4 Rae8 33.Rg4+ Kh8 34.Rge4 Nxa2 35.Nc5 Rxe4
36.Rxe4 Rxe4 37.Bxe4 b5 38.Bxc6 bxc4 39.bxc4 Bxc4 40.Nb7 Bf1 41.Kh2 Nb4 42.Nxa5 Kg7
43.Be4 Na6 44.Nb3 Bc4 45.Nd4 Nc5 46.Bc2 Bd5 47.g4 Nd7 48.Kg3 Ne5 49.Bb3 Ba8
50.Ne6+ Kh8 51.Nf4 Nd3 52.Nxd3  1-0

[Event "Tilburg rapid20"]
[Site "Tilburg"]
[Date "1994.??.??"]
[Round "3"]
[White "Chernin, Alexander"]
[Black "Azmaiparashvili, Zurab"]
[Result "1/2-1/2"]
[WhiteElo "2615"]
[BlackElo "2625"]

1.c4 g6 2.Nc3 Bg7 3.g3 e5 4.Bg2 Ne7 5.d3 O-O 6.e4 d6 7.Nge2 Nd7 8.Be3 f5
9.O-O Nc5 10.Rc1 Nc6 11.exf5 Bxf5 12.Bxc5 dxc5 13.Ne4 Nd4 14.h3 Bh6 15.Rc3 b6
16.Nxd4 Qxd4 17.Qe2 Rad8 18.Kh2 Rd7 19.Kg1 a5 20.a4 Kh8 21.g4 Be6 22.g5 Bg7
23.Qe3 Rfd8 24.Re1 Rf7 25.Qxd4 Rxd4 26.Re3 Bf5 27.h4 h6 28.Kh2 Rfd7 29.Kg3 Rd8
30.Bf3 Bf8 31.Kg2 h5 32.Kf1 Kg7 33.Ke2 Bd6 34.b3 Bd7 35.Bg2 Bg4+ 36.Ke1 Bf5
37.Ke2 Bg4+ 38.Ke1 Bf5  1/2-1/2

[Event "EUCup f"]
[Site "Ljubljana"]
[Date "1995.??.??"]
[Round "1"]
[White "Mikhalevski, Victor"]
[Black "Azmaiparashvili, Zurab"]
[Result "1-0"]
[WhiteElo "2495"]
[BlackElo "2620"]

1.d4 g6 2.c4 d6 3.Nf3 Bg7 4.Nc3 Bg4 5.g3 Qc8 6.Bg2 Bh3 7.O-O Nf6 8.e4 O-O
9.Bxh3 Qxh3 10.Ng5 Qh5 11.Qxh5 Nxh5 12.Be3 Nc6 13.Rad1 a6 14.f4 Nf6 15.h3 Bh6
16.Nf3 b5 17.e5 Nd7 18.Nd5 Rfc8 19.cxb5 axb5 20.Rc1 Nb6 21.Nxb6 cxb6 22.Rc3 Nb4
23.Rb3 Nd5 24.Bd2 Rxa2 25.exd6 e6 26.f5 Bxd2 27.fxe6 Bh6 28.e7 Ra7 29.Re1 Re8
30.Rxb5 Nf6 31.Rxb6 Nd7 32.Rc6 f6 33.d5 Kf7 34.Rc7 Rxc7 35.dxc7 Bg7 36.d6 Nb6
37.Nd4 Bh6 38.Re2 f5 39.Nc6 Ra8 40.d7  1-0

[Event "PCA/Intel-GP"]
[Site "Moscow"]
[Date "1995.??.??"]
[Round "?"]
[White "Azmaiparashvili, Zurab"]
[Black "Kortschnoj, Viktor"]
[Result "1-0"]
[WhiteElo "2610"]
[BlackElo "2635"]

1.d4 Nf6 2.c4 e6 3.Nc3 Bb4 4.Qc2 d5 5.cxd5 Qxd5 6.Nf3 Qf5 7.Qxf5 exf5 8.Bd2 c6
9.e3 Be6 10.Ng5 Bd5 11.Nxd5 Bxd2+ 12.Kxd2 Nxd5 13.Bc4 h6 14.Nf3 Nf6 15.Ne5 Ne4+
16.Ke2 Nd6 17.Bb3 Nd7 18.Nd3 O-O-O 19.Rac1 Kb8 20.Rhd1 Rhe8 21.Kf1 g5 22.g3 Nf6
23.Ne5 Nd5 24.Rxc6 bxc6 25.Nxc6+ Kc7 26.Nxd8 Nxe3+ 27.fxe3 Kxd8 28.Kf2 Re7
29.Rc1 Rc7 30.Rxc7 Kxc7 31.Bd5 a5 32.Ke2 Kb6 33.Kf3 Kc7 34.g4 fxg4+ 35.Kxg4 Kd7
36.a3 Ke7 37.b4 axb4 38.axb4 f5+ 39.Kh5 f4 40.exf4 gxf4 41.Kxh6 Nb5 42.Kg5 Kd6
43.Be4 f3 44.Bxf3 Nxd4 45.Be4 Ke5 46.Bg2 Ne6+ 47.Kg4 Nf4 48.Bf3 Nd3 49.b5 Kf6
50.b6 Nc5 51.h4 Kg6 52.Bc6 Kf6 53.h5 Kf7 54.Kf5 Ke7 55.Ke5 Ne6 56.h6 Nd8
57.Bd5  1-0

[Event "Strumica"]
[Site "Strumica"]
[Date "1995.??.??"]
[Round "1"]
[White "Rashkovsky, Nukhim N"]
[Black "Azmaiparashvili, Zurab"]
[Result "0-1"]
[WhiteElo "2550"]
[BlackElo "2610"]

1.d4 d5 2.Nf3 e6 3.c4 Bb4+ 4.Bd2 Bxd2+ 5.Qxd2 Nf6 6.g3 dxc4 7.Na3 Qd5 8.Bg2 Ne4
9.Qc2 Qa5+ 10.Nd2 Nxd2 11.Qxd2 Qxd2+ 12.Kxd2 Ke7 13.Nxc4 Rd8 14.Kc3 Nd7 15.e4 b6
16.e5 Rb8 17.f4 Ba6 18.Rhd1 Bxc4 19.Kxc4 c5 20.d5 b5+ 21.Kc3 exd5 22.Bxd5 Nb6
23.Bf3 b4+ 24.Kb3 a5 25.Rxd8 Rxd8 26.Rd1 Rxd1 27.Bxd1 Ke6 28.Kc2 Kd5 29.Kd3 c4+
30.Ke3 a4 31.Bc2 h6 32.Be4+ Kc5 33.h4 Nd5+ 34.Kd2 c3+ 35.Kc1 cxb2+ 36.Kxb2 Ne3
37.h5 Nd1+ 38.Ka1 b3 39.axb3 axb3 40.Bf3 Ne3 41.Be2 Nf5 42.g4 Nd4  0-1

[Event "Strumica"]
[Site "Strumica"]
[Date "1995.??.??"]
[Round "3"]
[White "Kurajica, Bojan"]
[Black "Azmaiparashvili, Zurab"]
[Result "0-1"]
[WhiteElo "2585"]
[BlackElo "2610"]

1.e4 c5 2.Nf3 d6 3.d4 cxd4 4.Nxd4 Nf6 5.Nc3 a6 6.f4 e6 7.Bd3 Qb6 8.Nb3 Qc7
9.Qe2 b5 10.g4 Nfd7 11.O-O Be7 12.g5 Nc6 13.a4 b4 14.Nd1 Bb7 15.Be3 g6 16.Nf2 h6
17.gxh6 Rxh6 18.c3 bxc3 19.Rac1 cxb2 20.Qxb2 Rh4 21.Nd2 Rb8 22.Nf3 Rh5 23.Be2 Qa5
24.Ng5 Bxg5 25.fxg5 Rxg5+ 26.Bg4 Re5 27.Nd3 Rxe4 28.Qh8+ Nf8 29.Bxe6 Nd8
30.Nc5 Nxe6 31.Nxe4 Bxe4 32.Qf6 Bf5 33.Ba7 Qd8 34.Rxf5 gxf5 35.Qxf5 Rc8 36.Re1 Qh4
37.Bf2 Qxa4  0-1

[Event "Strumica"]
[Site "Strumica"]
[Date "1995.??.??"]
[Round "6"]
[White "Azmaiparashvili, Zurab"]
[Black "Kurajica, Bojan"]
[Result "0-1"]
[WhiteElo "2610"]
[BlackElo "2585"]

1.d4 d5 2.c4 e6 3.Nc3 Nf6 4.Nf3 Bb4 5.Bg5 Nbd7 6.e3 c5 7.cxd5 exd5 8.Bd3 Qa5
9.O-O c4 10.Bf5 Bxc3 11.bxc3 Ne4 12.Qb1 Nxg5 13.Nxg5 h6 14.Bxd7+ Bxd7 15.Qxb7 Ke7
16.Qb1 hxg5 17.e4 Qxc3 18.exd5 Kd6 19.Rc1 Qxd4 20.Qb4+ Qc5 21.Qc3 f6 22.Qg3+ Ke7
23.Rab1 Kf7 24.Rd1 c3 25.Rb7 Rad8 26.Qd3 Rhe8 27.h4 gxh4 28.d6 c2 29.Rc1 Re6
30.Qb3 Qxd6 31.Qxc2 Qe7 32.Qd2 Re2 33.Qa5 Re5 34.Qd2 Ke8 35.Rxa7 Qe6 36.Rd1 h3
37.Ra3 hxg2 38.Rd3 Rh5 39.Re3 Rh1+ 40.Kxg2 Bc6+ 41.Kg3 Rh3+  0-1

[Event "Strumica"]
[Site "Strumica"]
[Date "1995.??.??"]
[Round "11"]
[White "Kutirov, Rolando"]
[Black "Azmaiparashvili, Zurab"]
[Result "0-1"]
[WhiteElo "2425"]
[BlackElo "2610"]

1.d4 g6 2.c4 Bg7 3.Nc3 d6 4.g3 Nd7 5.Bg2 e5 6.e3 Ne7 7.Nge2 h5 8.h4 O-O 9.O-O c6
10.b3 Nf5 11.dxe5 dxe5 12.Ba3 Re8 13.Qc2 Qa5 14.Bb2 Nf6 15.Ne4 Nxe4 16.Bxe4 Nd6
17.Bg2 Bf5 18.Qc3 Qxc3 19.Nxc3 e4 20.Rfd1 Rad8 21.Rd2 Bg4 22.Rc1 f5 23.Na4 Nf7
24.Rxd8 Rxd8 25.Bxg7 Kxg7 26.Nc5 Rd2 27.Nxb7 Rxa2 28.Nc5 Ne5 29.Bf1 a5 30.Ne6+ Kf6
31.Nd4 c5  0-1

[Event "Strumica"]
[Site "Strumica"]
[Date "1995.??.??"]
[Round "13"]
[White "Rashkovsky, Nukhim N"]
[Black "Azmaiparashvili, Zurab"]
[Result "0-1"]
[WhiteElo "2550"]
[BlackElo "2610"]

1.d4 d6 2.Nf3 g6 3.g3 Bg7 4.Bg2 Nd7 5.O-O e5 6.e4 Ngf6 7.Nc3 O-O 8.a4 a5
9.h3 b6 10.dxe5 dxe5 11.Be3 Bb7 12.Nd2 Qe7 13.Nd5 Nxd5 14.exd5 Nc5 15.Bxc5 Qxc5
16.Ne4 Qb4 17.c3 Qc4 18.b3 Qa6 19.c4 Rad8 20.Qc2 Qa8 21.Rad1 h6 22.Nc3 Rd7
23.Nb5 Rfd8 24.h4 h5 25.Rfe1 Kh7 26.Nc3 f5 27.Nb5 c6 28.dxc6 Bxc6 29.Bxc6 Qxc6
30.Nc3 e4 31.Nd5 Rxd5  0-1

[Event "Strumica"]
[Site "Strumica"]
[Date "1995.??.??"]
[Round "15"]
[White "Kurajica, Bojan"]
[Black "Azmaiparashvili, Zurab"]
[Result "0-1"]
[WhiteElo "2585"]
[BlackElo "2610"]

1.c4 e5 2.Nc3 g6 3.d4 d6 4.Nf3 Bg7 5.dxe5 dxe5 6.Qxd8+ Kxd8 7.Bd2 Na6 8.O-O-O Ke8
9.Nb5 f6 10.g3 Nh6 11.Bg2 Nf7 12.Ne1 c6 13.Nc3 Bf5 14.Nd3 Ke7 15.e4 Be6 16.b3 Rhd8
17.Be3 Bh6 18.f4 exf4 19.gxf4 Ne5 20.Nf2 Bxc4 21.bxc4 Nxc4 22.Ng4 Nxe3 23.Nxe3 Bxf4
24.Rhe1 Nb4 25.Kb1 Rxd1+ 26.Nexd1 Rd8 27.h3 Rd2 28.Re2 Nxa2 29.Nd5+ cxd5
30.Rxd2 Bxd2 31.Kxa2 dxe4 32.Bxe4 b6 33.Kb3 Ke6 34.Nb2 Ke5 35.Bc6 Kf4 36.Nc4 Be3
37.Bd5 Bc5 38.Bg8 h6 39.Nb2 f5 40.Kc4 g5 41.Bh7 g4 42.Nd3+ Kg5 43.h4+ Kxh4
44.Bxf5 Kg5 45.Bc8 h5 46.Ne5 a5 47.Bd7 g3 48.Nf3+ Kf4 49.Nh4 Be7 50.Ng2+ Kf3
51.Bc6+ Kf2 52.Nf4 h4 53.Kd3 Kg1 54.Ke2 Kh2 55.Kf1 h3 56.Nxh3 Kxh3 57.Kg1 Bc5+
58.Kh1 Kg4  0-1

[Event "EU-ch Rapid-30'"]
[Site "Cap d`Agde"]
[Date "1996.??.??"]
[Round "?"]
[White "Short, Nigel D"]
[Black "Azmaiparashvili, Zurab"]
[Result "1-0"]
[WhiteElo "2695"]
[BlackElo "2670"]

1.e4 d6 2.d4 g6 3.Be3 Bg7 4.Nc3 a6 5.h4 Nf6 6.f3 Nc6 7.g4 h5 8.gxh5 Nxh5
9.Nge2 e5 10.d5 Ne7 11.Qd2 Bd7 12.O-O-O Ng8 13.Kb1 Qe7 14.Bg5 f6 15.Be3 f5
16.Bg5 Ngf6 17.Bh3 f4 18.Rdg1 Bxh3 19.Rxh3 Kf7 20.Rh2 Qd7 21.Nd1 Nh7 22.Nf2 Nxg5
23.hxg5 Bf8 24.Ng4 Be7 25.Nh6+ Kg7 26.Rxh5 gxh5 27.Nf5+ Kg8 28.Nxf4 Bf8 29.Ne6 h4
30.Nh6+ Rxh6 31.gxh6+ Kh8 32.Qg5 Qf7 33.Qxh4 Be7 34.Qh3 Qf6 35.Rg7 Rg8 36.Nxc7 Bf8
37.Ne6 Be7 38.a3 b5 39.Qg4  1-0

[Event "EU-ch Rapid-30'"]
[Site "Cap d`Agde"]
[Date "1996.??.??"]
[Round "?"]
[White "Azmaiparashvili, Zurab"]
[Black "Akopian, Vladimir"]
[Result "0-1"]
[WhiteElo "2670"]
[BlackElo "2630"]

1.c4 e5 2.Nc3 Nc6 3.g3 g6 4.Bg2 Bg7 5.Rb1 a5 6.a3 Nf6 7.e3 d6 8.Nge2 O-O
9.O-O h5 10.b4 axb4 11.axb4 Ne7 12.d4 exd4 13.Nxd4 Nf5 14.Nde2 h4 15.e4 h3
16.Bh1 Ne7 17.Bb2 Nc6 18.Nd5 Ne5 19.Qb3 Bd7 20.Ne3 Nfg4 21.Nxg4 Bxg4 22.Nd4 c5
23.Nb5 cxb4 24.f4 Nc6 25.Rf2 Bxb2 26.Qxb2 Qe7 27.Qd2 Rfd8 28.Re1 Ra5 29.f5 Ne5
30.f6 Qf8 31.Nc7 Rc8 32.Nd5 Rxc4 33.Rf4 Kh7 34.Ne3 Qc8 35.Nxc4 Qxc4 36.Rc1 Ra2
37.Rxc4 Rxd2 38.Rxb4 Nd3 39.Rd4 Be2 40.Bg2 hxg2 41.e5 Rd1+ 42.Kxg2 Nxf4+
43.Rxf4 dxe5 44.Re4 Bb5 45.Rxe5 Bc6+ 46.Kh3 Rd6  0-1

[Event "Pamplona9697"]
[Site "Pamplona"]
[Date "1996.??.??"]
[Round "7"]
[White "Garcia Ilundain, David"]
[Black "Azmaiparashvili, Zurab"]
[Result "0-1"]
[WhiteElo "2520"]
[BlackElo "2670"]

1.d4 Nf6 2.c4 g6 3.Nc3 d5 4.Nf3 Bg7 5.cxd5 Nxd5 6.e4 Nxc3 7.bxc3 c5 8.Rb1 O-O
9.Be2 cxd4 10.cxd4 Qa5+ 11.Bd2 Qxa2 12.O-O Bg4 13.Bg5 Qe6 14.d5 Qxe4 15.Rxb7 Be6
16.Rb5 Bf5 17.Re1 a5 18.Bf1 Qc2 19.Qxc2 Bxc2 20.Bxe7 Rc8 21.Rc1 a4 22.Rc5 Rxc5
23.Bxc5 Bf5 24.Ba3 Nd7 25.Bb5 Nb6 26.d6 Rc8 27.Rd1 Rc3 28.Bb2 Rxf3  0-1

[Event "San Roque"]
[Site "San Roque"]
[Date "1996.??.??"]
[Round "1"]
[White "Azmaiparashvili, Zurab"]
[Black "Gulko, Boris F"]
[Result "1/2-1/2"]
[WhiteElo "2660"]
[BlackElo "2615"]

1.d4 d5 2.c4 c6 3.Nc3 dxc4 4.a4 e5 5.dxe5 Qxd1+ 6.Kxd1 Na6 7.e4 Be6 8.Be3 f6
9.f4 Rd8+ 10.Ke2 Bg4+ 11.Kf2 fxe5 12.Bxc4 exf4 13.Bxf4 Nc5 14.Nf3 Nf6 15.Rhd1 Be6
16.Rxd8+ Kxd8 17.Rd1+ Kc8 18.Bxe6+ Nxe6 19.Bd6 Bxd6 20.Rxd6 Re8 21.e5 Ng4+
22.Kg3 Ne3 23.Rd3 Nf5+ 24.Kf2 Nc5 25.Rd1 a5 26.g4 Ne7 27.Ke3 Ng6 28.Ne4 Nxe4  1/2-1/2

[Event "Yerevan ol (Men)"]
[Site "Yerevan"]
[Date "1996.??.??"]
[Round "6"]
[White "Short, Nigel D"]
[Black "Azmaiparashvili, Zurab"]
[Result "1/2-1/2"]
[WhiteElo "2695"]
[BlackElo "2670"]

1.e4 c5 2.Nc3 d6 3.f4 Nc6 4.Nf3 Nf6 5.Bb5 e6 6.Bxc6+ bxc6 7.d3 Nd7 8.O-O Be7
9.Qe1 O-O 10.Kh1 a5 11.b3 Nb6 12.a4 Ra7 13.Bd2 d5 14.Ne2 Nd7 15.c4 Qb6 16.Rb1 f5
17.Ng3 Nf6 18.h3 Bd8 19.Ne5 Re7 20.Rf2 g6 21.Re2 Rfe8 22.Bc3 d4 23.Bd2 Nd7
24.Nf3 Qc7 25.Nf1 e5 26.exf5 exf4 27.Rxe7 Rxe7 28.Qc1 Re3 29.fxg6 hxg6 30.Bxe3 fxe3
31.Qe1 Kg7 32.g4 Nf8 33.Ng3 Qf4 34.Kg2 Bc7 35.Ne2 Qd6 36.Qh4 Ne6 37.Rf1 Bd7
38.Rh1 Qf8 39.Rf1 Qd6 40.Rh1 Qf8 41.Rf1  1/2-1/2

[Event "Yerevan ol (Men)"]
[Site "Yerevan"]
[Date "1996.??.??"]
[Round "7"]
[White "Azmaiparashvili, Zurab"]
[Black "Ricardi, Pablo"]
[Result "1-0"]
[WhiteElo "2670"]
[BlackElo "2535"]

1.d4 Nf6 2.c4 e6 3.Nc3 Bb4 4.Qc2 O-O 5.a3 Bxc3+ 6.Qxc3 b6 7.Bg5 Bb7 8.f3 d5
9.e3 Nbd7 10.cxd5 Nxd5 11.Bxd8 Nxc3 12.Bxc7 Nd5 13.Bf4 Nxf4 14.exf4 Rfd8
15.Bb5 Rac8 16.Ne2 Nf6 17.Kd2 Rd5 18.Bd3 g5 19.fxg5 Rxg5 20.Rhg1 Rd8 21.Rac1 Rd7
22.h4 Rh5 23.Rh1 Ra5 24.Rcd1 e5 25.dxe5 Rxe5 26.Nc3 Rc5 27.Ke3 Kg7 28.Bb1 Rdc7
29.Kf2 Rc4 30.Bd3 R4c5 31.Rhe1 Nh5 32.Ne2 Bc8 33.b4 Rd5 34.Bb1 Rxd1 35.Rxd1 Ba6
36.Nd4 Nf4 37.Nf5+ Kf6 38.Nd6 Ke5 39.Bxh7 f5 40.Bxf5 Rc3 41.b5 Bb7 42.Nxb7 Kxf5
43.g4+ Ke5 44.Re1+ Kd5 45.Kg3 Ne6 46.Rd1+ Nd4 47.Nd6 Ke5 48.Nf7+ Kd5 49.Ng5 Rxa3
50.h5  1-0

[Event "New York op"]
[Site "New York"]
[Date "1997.??.??"]
[Round "?"]
[White "Azmaiparashvili, Zurab"]
[Black "Mitkov, Nikola"]
[Result "1-0"]
[WhiteElo "2650"]
[BlackElo "2475"]

1.c4 e6 2.Nc3 Nf6 3.e4 d5 4.e5 Nfd7 5.d4 c5 6.cxd5 exd5 7.Nf3 Nc6 8.dxc5 Bxc5
9.Qxd5 Qb6 10.Bc4 Bxf2+ 11.Ke2 O-O 12.Rf1 Ndxe5 13.Nxe5 Nxe5 14.Qxe5 Bd4
15.Qe4 Bd7 16.Nd5 Qc5 17.Kd3 b5 18.Bb3 Bf2 19.Rxf2 Qxf2 20.Be3 Qxb2 21.Bd4 Qa3
22.Qe5 f6 23.Nxf6+ Kh8 24.Nxd7 Rf7 25.Re1 h6 26.Qd5  1-0

[Event "New York op"]
[Site "New York"]
[Date "1997.??.??"]
[Round "?"]
[White "Azmaiparashvili, Zurab"]
[Black "Perdomo, Carlos Andres"]
[Result "0-1"]
[WhiteElo "2650"]
[BlackElo "2330"]

1.d4 d5 2.c4 e6 3.Nc3 Nf6 4.Bg5 Be7 5.Nf3 Nbd7 6.e3 O-O 7.Qc2 c6 8.Rd1 Re8
9.a3 a6 10.Bd3 dxc4 11.Bxc4 Nd5 12.Ne4 N7f6 13.Nxf6+ Bxf6 14.Bxf6 Nxf6 15.O-O b6
16.e4 Bb7 17.Rfe1 Rc8 18.b4 Qe7 19.Qd3 c5 20.Bxa6 c4 21.Bxc4 Bxe4 22.Qb3 Bxf3
23.gxf3 Nh5 24.Kh1 Qf6 25.Ba6 Rc7 26.Qe3 Ra8 27.Rc1 Rd7 28.Bf1 g6 29.Red1 Nf4
30.d5 Nxd5 31.Qb3 Rda7 32.Ra1 Qh4 33.Qb2 Qh5 34.Bg2 Nf4 35.Qb3 Qg5 36.Bf1 Qf6
37.a4 Nd5 38.Ra3 Kg7 39.Bg2 Rc8 40.a5 Rc3 41.Qb2 Rc8 42.Qd2 Rc4 43.Rb3 bxa5
44.bxa5 Ra4 45.Qb2 Qxb2 46.Rxb2 R7xa5 47.h3 Nf4 48.Kh2 Nxg2 49.Kxg2 Rg5+
50.Kh2 Ra3 51.Rg1 Rxg1 52.Kxg1 Rxf3 53.Kg2 Rd3 54.Rb5 h6 55.Ra5 g5 56.Rb5 Kg6
57.Ra5 Rd4 58.Kg3 h5 59.Ra3 f5 60.Kg2 Rh4 61.Kg3 f4+ 62.Kg2 g4 63.hxg4 hxg4
64.Ra8 Rh6 65.Ra5 Kf6 66.Ra8 Kf5 67.Rf8+ Rf6 68.Ra8 e5 69.Rb8 Rg6 70.Rf8+ Ke4
71.Rf7 g3 72.f3+ Kd5 73.Ra7 Rc6 74.Ra2 Kd4 75.Re2 Rh6 76.Re4+ Kd5 77.Ra4 Rh2+
78.Kg1 Rf2 79.Ra5+  0-1

[Event "New York op"]
[Site "New York"]
[Date "1997.??.??"]
[Round "?"]
[White "Pena Cabrera, Osvaldo"]
[Black "Azmaiparashvili, Zurab"]
[Result "0-1"]
[WhiteElo "2300"]
[BlackElo "2650"]

1.d4 d6 2.c4 e5 3.dxe5 dxe5 4.Qxd8+ Kxd8 5.Nf3 f6 6.e3 Na6 7.Be2 Nb4 8.Na3 c6
9.O-O Kc7 10.e4 Na6 11.Be3 Bg4 12.Rac1 Bxa3 13.bxa3 b6 14.c5 Nxc5 15.Bxc5 bxc5
16.Rxc5 Ne7 17.Rfc1 Bxf3 18.Bxf3 Rhd8 19.Bd1 Rd4 20.f3 Rad8 21.Bb3 Rd2 22.R5c2 R8d4
23.Kf1 Rd6 24.Ke1 Rxc2 25.Rxc2 g6 26.Ke2 f5 27.exf5 gxf5 28.g3 Nd5 29.Bc4 h5
30.Bd3 f4 31.Rc1 fxg3  0-1

[Event "EU-chT (Men)"]
[Site "Pula"]
[Date "1997.??.??"]
[Round "2"]
[White "Azmaiparashvili, Zurab"]
[Black "Jussupow, Artur"]
[Result "1/2-1/2"]
[WhiteElo "2650"]
[BlackElo "2665"]

1.d4 Nf6 2.c4 e6 3.Nc3 Bb4 4.Qc2 d5 5.cxd5 Qxd5 6.Nf3 Qf5 7.Qxf5 exf5 8.Bd2 c6
9.e3 Nbd7 10.Bd3 Nb6 11.O-O O-O 12.Na4 Bd6 13.Nc5 Nbd5 14.Rac1 a5 15.Rfd1 Re8
16.g3 h6 17.Bc4 g6 18.a3 a4 19.Nd3 Be6 20.Nc5 Bc8 21.Nd3 Be6 22.Nc5  1/2-1/2

[Event "EU-chT (Men)"]
[Site "Pula"]
[Date "1997.??.??"]
[Round "3"]
[White "Chernin, Alexander"]
[Black "Azmaiparashvili, Zurab"]
[Result "1/2-1/2"]
[WhiteElo "2635"]
[BlackElo "2650"]

1.Nf3 g6 2.c4 Bg7 3.Nc3 e5 4.d4 exd4 5.Nxd4 Nc6 6.Nc2 d6 7.Nd5 Nge7 8.g3 O-O
9.Bg2 Ne5 10.b3 Nxd5 11.cxd5 c5 12.O-O b5 13.Rb1 b4 14.f4 Nd7 15.e4 a5 16.Bb2 Bxb2  1/2-1/2

[Event "EU-chT (Men)"]
[Site "Pula"]
[Date "1997.??.??"]
[Round "8"]
[White "Akopian, Vladimir"]
[Black "Azmaiparashvili, Zurab"]
[Result "1/2-1/2"]
[WhiteElo "2655"]
[BlackElo "2650"]

1.e4 e5 2.Nf3 Nc6 3.Bb5 a6 4.Ba4 d6 5.c3 Bd7 6.d4 g6 7.O-O Bg7 8.dxe5 Nxe5
9.Nxe5 dxe5 10.f4 Bxa4 11.Qxa4+ Qd7 12.Qxd7+ Kxd7 13.fxe5 Rf8 14.Nd2 Bxe5
15.Nf3 Bg7 16.Be3 Nh6 17.Rad1+ Kc8 18.Ng5 Be5 19.h3 f5 20.Ne6 Re8 21.Bxh6 Rxe6
22.exf5 gxf5 23.Bg5 h6 24.Bh4 f4 25.Rfe1 Rhe8 26.Kf2 Bd6 27.Rxe6 Rxe6 28.Rd3 Kd7
29.Kf3 Re5 30.b3 Ke6 31.Bf2 b5 32.Rd4 Rd5 33.c4 Rxd4 34.Bxd4 bxc4 35.bxc4 Kf5
36.Bc3 h5  1/2-1/2

[Event "Elista ol (Men)"]
[Site "Elista"]
[Date "1998.10.01"]
[Round "3"]
[White "Azmaiparashvili, Zurab"]
[Black "Kasimdzhanov, Rustam"]
[Result "1-0"]
[WhiteElo "2655"]
[BlackElo "2570"]

1.d4 d5 2.c4 c6 3.Nc3 Nf6 4.cxd5 cxd5 5.Bf4 Nc6 6.e3 a6 7.Be2 Ne4 8.Nf3 Nxc3
9.bxc3 g6 10.Ne5 Bg7 11.Nxc6 bxc6 12.Qa4 Bd7 13.Rb1 O-O 14.Rb7 Bc8 15.Rb2 Bd7
16.O-O f6 17.Bg3 e5 18.Rb7 Rf7 19.Rfb1 c5 20.Qd1 Bc6 21.R7b6 Qc7 22.dxe5 fxe5
23.e4 d4 24.Bc4 Bxe4 25.Bxf7+ Kxf7 26.cxd4 Bxb1 27.Qf3+  1-0

[Event "Cap d'Agde-A"]
[Site "Cap d'Agde"]
[Date "1998.10.25"]
[Round "1"]
[White "Azmaiparashvili, Zurab"]
[Black "Dorfman, Josif D"]
[Result "1/2-1/2"]
[WhiteElo "2655"]
[BlackElo "2585"]

1.d4 d5 2.c4 c6 3.Nc3 Nf6 4.cxd5 cxd5 5.Bf4 Nc6 6.e3 a6 7.Be2 e6 8.Rc1 Be7
9.Nf3 O-O 10.Ne5 Bd7 11.O-O Nxe5 12.Bxe5 Qa5 13.Bd3 Rfc8 14.Qf3 Qd8 15.Bb1 Bc6
16.Rfd1 Nd7 17.Ne2 Ba4 18.b3 Bb5 19.Nf4 Nxe5 20.dxe5 Rxc1 21.Rxc1 Rc8 22.Qd1 Ba3
23.Rxc8 Qxc8 24.Qc2 Qxc2 25.Bxc2 Bb2 26.a4 Bc6 27.Nd3 Bc3 28.f3 h5 29.Kf2 a5
30.g3 b6 31.Ke2 Bb7 32.f4 Ba6 33.Kf3 Bxd3 34.Bxd3 g6  1/2-1/2

[Event "Cap d'Agde-A"]
[Site "Cap d'Agde"]
[Date "1998.10.27"]
[Round "6"]
[White "Rogers, Ian"]
[Black "Azmaiparashvili, Zurab"]
[Result "1-0"]
[WhiteElo "2605"]
[BlackElo "2655"]

1.d4 d6 2.Nf3 g6 3.c4 Bg7 4.Nc3 e5 5.e4 Bg4 6.d5 Nd7 7.Be2 h5 8.Ng5 Bxe2
9.Qxe2 a5 10.Qc2 h4 11.h3 Ngf6 12.Nf3 Nh5 13.Bg5 Bf6 14.Be3 Be7 15.O-O-O b6
16.Kb1 Nc5 17.Bxc5 bxc5 18.a4 O-O 19.Nd2 f5 20.exf5 gxf5 21.g4 fxg4 22.Qg6+ Ng7
23.Nde4 Rf4 24.hxg4 Qe8 25.Qh6 Qf7 26.Ka1 Rf8 27.Rdg1 Bd8 28.Ka2 Qd7 29.g5 Qf5
30.Rxh4 Rxh4 31.Qxh4 Qg6 32.Rh1 Nf5 33.Qh3 Kf7 34.Qg4 Ke8 35.Nb5 Qg8 36.g6 c6
37.Rh7 Be7 38.Nc7+ Kd7 39.Ne6 cxd5 40.cxd5 Ke8 41.Nd4  1-0

[Event "Frankfurt Ordix op"]
[Site "Frankfurt"]
[Date "1999.07.03"]
[Round "4"]
[White "Azmaiparashvili, Zurab"]
[Black "Kindermann, Stefan"]
[Result "0-1"]
[WhiteElo "2681"]
[BlackElo "2541"]

1.g3 e5 2.Bg2 d5 3.d3 c6 4.Nf3 Bd6 5.e4 Nf6 6.O-O O-O 7.Nc3 dxe4 8.Nxe4 Nxe4
9.dxe4 Na6 10.Be3 Qe7 11.Nd2 Bc5 12.Qe2 Be6 13.Nb3 Bxe3 14.Qxe3 Rfd8 15.Rfd1 b6
16.Bf1 Nb4 17.Qc3 c5 18.Bb5 Rxd1+ 19.Rxd1 Rd8 20.Rxd8+ Qxd8 21.Kg2 Qd1 22.Qxe5 h6
23.Bd3 Nxd3 24.cxd3 Qxd3 25.h4 a5 26.Qf4 a4 27.Nc1 Qc2 28.b3 a3 29.Qe3 b5
30.Qf4 b4 31.Qe3 c4 32.bxc4 Bxc4 33.g4 Bxa2 34.Nxa2 Qxa2 35.g5 hxg5 36.hxg5 Qe6
37.Qa7 Qxe4+ 38.Kg3 Qd3+ 39.f3 Qd6+ 40.Kg4 Qe6+ 41.Kg3 a2 42.f4 Qe1+ 43.Kg4  0-1

[Event "EUCup final 15th"]
[Site "Bugojno"]
[Date "1999.10.31"]
[Round "3"]
[White "Azmaiparashvili, Zurab"]
[Black "Huzman, Alexander"]
[Result "1/2-1/2"]
[WhiteElo "2681"]
[BlackElo "2581"]

1.d4 Nf6 2.c4 e6 3.Nc3 Bb4 4.Qc2 d5 5.cxd5 Qxd5 6.Nf3 Qf5 7.Qb3 Nc6 8.g3 Qd5
9.Qxd5 exd5 10.Bd2 Bg4 11.Nb5 Bxf3 12.exf3 Bxd2+ 13.Kxd2 O-O-O 14.Kc3 Kb8
15.Bd3 Ne7 16.Rae1 Nc8 17.Kc2 Rhe8 18.Re5 Nd7 19.Re3 c6 20.Nc3 Nf8 21.Bf5 Nd6
22.Bh3 Nc4 23.Ree1 Nd6 24.b3 Rxe1 25.Rxe1 Re8 26.Re3 Kc7 27.Ne2 Ng6 28.Bg4 Kd8
29.Kd3 Ne7 30.Nf4 Nef5 31.Re5 g6 32.h4 f6 33.Ne6+ Ke7 34.Re2 Kf7 35.Nf4 Rxe2
36.Nxe2 Ng7 37.Nf4 Ke7 38.Bh3 Ngf5 39.a4 Ng7 40.Kc3 Ngf5 41.Nd3 Ng7 42.Nc5 h6
43.a5 Nge8 44.Ne6 Nb5+ 45.Kd3 Nbc7 46.Nf4 Kf7 47.h5 g5 48.Ng2 Nd6 49.Ne3 Ke7
50.Bf5 Ne6 51.Bg6 Kf8 52.Ng4 Kg7 53.Ne3 Kf8 54.Ng4 Kg7 55.Ne3  1/2-1/2

[Event "XVI ECC"]
[Site "Neum BIH"]
[Date "2000.09.24"]
[Round "1"]
[White "Mrva,M"]
[Black "Azmaiparashvili,Z"]
[Result "0-1"]
[WhiteElo "2468"]
[BlackElo "2673"]

1.e4 g6 2.d4 Bg7 3.Be3 c5 4.Nc3 Qa5 5.Qd2 cxd4 6.Bxd4 Bxd4 7.Qxd4 Nf6 8.O-O-O Nc6
9.Qe3 d6 10.Bc4 Bd7 11.h3 Rc8 12.Bb3 Be6 13.Kb1 Ne5 14.Nge2 Nc4 15.Qd4 O-O
16.f4 b5 17.Rhf1 b4 18.f5 bxc3 19.fxe6 Nxb2 20.Rxf6 exf6 21.Qxf6 Nc4 22.e7 Rfe8
23.Nxc3 Rxe7 24.Nd5 Re6 25.Qd4 Qc5 26.Qd3 Kg7 27.Rf1 Rxe4  0-1

[Event "XVI ECC"]
[Site "Neum BIH"]
[Date "2000.09.29"]
[Round "6"]
[White "Azmaiparashvili,Z"]
[Black "Bogdanovski,V"]
[Result "1-0"]
[WhiteElo "2673"]
[BlackElo "2435"]

1.g3 d5 2.Bg2 c6 3.Nf3 Bg4 4.c4 Nf6 5.Ne5 Be6 6.O-O dxc4 7.Qc2 Qd4 8.Nf3 Qd5
9.Nc3 Qa5 10.Nd1 Na6 11.Nd4 Bd5 12.Ne3 e6 13.b3 Bxg2 14.Kxg2 cxb3 15.Nxb3 Qd8
16.f4 Nb4 17.Qb1 Nbd5 18.Nc4 Nb6 19.Ne5 Qd5+ 20.Rf3 Qe4 21.Qxe4 Nxe4 22.Na5 f6
23.Re3 Nd6 24.Nf3 Kf7 25.Rb1 Re8 26.Reb3 c5 27.d3 Rc8 28.Nxb7 Nxb7 29.Ra3 Nd7
30.Rxb7  1-0

[Event "1st European Rapid Ch"]
[Site "Neum BIH"]
[Date "2000.10.02"]
[Round "2"]
[White "Azmaiparashvili,Z"]
[Black "Malaniuk,V"]
[Result "1/2-1/2"]
[WhiteElo "2673"]
[BlackElo "2548"]

1.e4 e5 2.Nf3 Nc6 3.d4 exd4 4.Nxd4 Bc5 5.Nxc6 Qf6 6.Qd2 dxc6 7.Nc3 Ne7 8.Bd3 O-O
9.Na4 Bd6 10.Qg5 Qxg5 11.Bxg5 Ng6 12.Be3 f5 13.exf5 Ne5 14.Be2 Bxf5 15.O-O-O b6
16.h3 Rae8 17.Rhe1 Be6 18.Nc3 Nc4 19.Bxc4 Bxc4 20.Kb1 Bb4  1/2-1/2